000 00634cam a22002291i 4500
001 ss 55000208
003 DLC
005 20260227112752.0
008 791113s1955 dcu f000 0 eng
010 _ass 55000208
035 _a(OCoLC)5691347
040 _aDLC
_cOkAdE
_dOCoLC
_dDLC
042 _apremarc
050 0 0 _aHV741
_b.A32 no. 352
110 1 _aUnited States.
_bChildren's Bureau.
245 1 0 _aNutrition and healthy growth.
260 _a[Washington,
_bU.S. Govt. Print. Off.]
_c1955.
300 _a35 p.
_c23 cm.
410 1 1 _aPublication;
_vno. 352
650 0 _aChildren
_xNutrition.
650 0 _aChildren
_xGrowth.
999 _c90959
_d90959